Score 0/20 Timer 04:00
2 Plays Today
% Correct
indigenous
91.7%
infinitesimal
84.3%
indefatigable
79.1%
avaricious
74.1%
salacious
72.5%
fastidious
71.7%
grandiloquent
67.8%
apoplectic
65.8%
egregious
63.8%
capacious
61.3%
% Correct
vertiginous
55.9%
mellifluous
51.1%
quotidian
47.7%
enervating
47.5%
propitious
44.3%
Brobdingnagian
44.3%
perfidious
43.5%
phlegmatic
37.3%
pertinacious
31.5%
proficuous
22.7%
Remove Ads.
Support Sporcle.
Get the best of Sporcle when you Go Orange. This ad-free experience offers more features, more stats, and more fun while also helping to support Sporcle. Thank you for becoming a member.

You're not logged in!

Compare scores with friends on all Sporcle quizzes.
OR
Log In

Show Comments

Extras

Top Quizzes Today


Score Distribution

Your Account Isn't Verified!

In order to create a playlist on Sporcle, you need to verify the email address you used during registration. Go to your Sporcle Settings to finish the process.

Report this User

Report this user for behavior that violates our Community Guidelines.

Details: